Gaitán el alcalde del pueblo : (Registro nro. 3276)

Detalles MARC
000 -LEADER
fixed length control field 01070nam a2200253Ia 4500
003 - CONTROL NUMBER IDENTIFIER
control field OSt
005 - DATE AND TIME OF LATEST TRANSACTION
control field 20200330152604.0
008 - FIXED-LENGTH DATA ELEMENTS--GENERAL INFORMATION
fixed length control field 191128s2013 ck ao gr 000 0dspa d
020 ## - INTERNATIONAL STANDARD BOOK NUMBER
International Standard Book Number 9789587171570
040 ## - CATALOGING SOURCE
Original cataloging agency CO-JMCR
Transcribing agency CO-JMCR
041 0# - LANGUAGE CODE
Language code of text/sound track or separate title spa
082 04 - DEWEY DECIMAL CLASSIFICATION NUMBER
Classification number 320.854 /
Item number U66g
Edition number 21
100 1# - MAIN ENTRY--PERSONAL NAME
Personal name UpdeGraff, Ruth Ann,
Relator term autora
9 (RLIN) 2197
245 10 - TITLE STATEMENT
Title Gaitán el alcalde del pueblo :
Remainder of title la administración de Jorge Eliécer Gaitán en Bogotá 1936-1937 /
Statement of responsibility, etc. Ruth Ann UpdeGraff
250 ## - EDITION STATEMENT
Edition statement Primera edición
260 ## - PUBLICATION, DISTRIBUTION, ETC.
Place of publication, distribution, etc. Bogotá :
Name of publisher, distributor, etc. Secretaría General Alcaldía Mayor de Bogotá,
Date of publication, distribution, etc. 2013
300 ## - PHYSICAL DESCRIPTION
Extent 106 páginas :
Other physical details fotografías a blanco y negro ;
Dimensions 23 cm.
500 ## - GENERAL NOTE
General note Incluye datos biográficos de la autora.
505 0# - FORMATTED CONTENTS NOTE
Formatted contents note Bogotá -- Jorge Eliécer Gaitán -- La alcaldía -- Epílogo -- Decretros -- Noticias
650 14 - SUBJECT ADDED ENTRY--TOPICAL TERM
Topical term or geographic name entry element Gaitán, Jorge Eliécer
General subdivision
Chronological subdivision 1898-1948
Geographic subdivision Bogotá (Colombia)
9 (RLIN) 2198
650 14 - SUBJECT ADDED ENTRY--TOPICAL TERM
Topical term or geographic name entry element Política y gobierno
Chronological subdivision 1936-1937
Geographic subdivision Bogotá (Colombia)
9 (RLIN) 2199
650 14 - SUBJECT ADDED ENTRY--TOPICAL TERM
Topical term or geographic name entry element Administración pública
Chronological subdivision 1936-1937
Geographic subdivision Bogotá (Colombia)
9 (RLIN) 2200
942 ## - ADDED ENTRY ELEMENTS (KOHA)
Source of classification or shelving scheme Dewey Decimal Classification
Koha item type Books
Existencias
Withdrawn status Lost status Source of classification or shelving scheme Damaged status Not for loan Collection code Home library Current library Date acquired Source of acquisition Cost, normal purchase price Total Checkouts Full call number Barcode Date last seen Date last checked out Copy number Koha item type
    Dewey Decimal Classification     Non-fiction Biblioteca Pública José María del Castillo y Rada Biblioteca Pública José María del Castillo y Rada 04/15/2018 Donación 0.00 3 320.854 / U66g 201507014 11/26/2024 11/25/2024 Ej.1 Books